Current Events - U.S. | 2 | 15.00 | 100% | 0% | 50% |
Current Events - World | 1 | 10.00 | 100% | 0% | 0% |
Fine Arts - Architecture | 1 | 10.00 | 100% | 0% | 0% |
Fine Arts - Film | 2 | 10.00 | 100% | 0% | 0% |
Fine Arts - Jazz | 1 | 0.00 | 0% | 0% | 0% |
Fine Arts - Miscellaneous | 1 | 20.00 | 100% | 0% | 100% |
Fine Arts - Music | 5 | 14.00 | 100% | 40% | 0% |
Fine Arts - Painting | 6 | 13.33 | 67% | 33% | 33% |
Fine Arts - Photography | 1 | 10.00 | 100% | 0% | 0% |
Fine Arts - Sculpture | 2 | 20.00 | 100% | 100% | 0% |
Geography - Europe | 1 | 20.00 | 100% | 100% | 0% |
Geography - United States | 1 | 10.00 | 100% | 0% | 0% |
Geography - World | 1 | 10.00 | 100% | 0% | 0% |
History - American | 9 | 12.22 | 89% | 33% | 0% |
History - Cross, Historiography, and Miscellaneous | 5 | 14.00 | 100% | 0% | 40% |
History - European | 11 | 14.55 | 91% | 36% | 18% |
History - World | 6 | 20.00 | 100% | 83% | 17% |
Literature - American | 7 | 7.14 | 71% | 0% | 0% |
Literature - British | 11 | 9.09 | 73% | 18% | 0% |
Literature - European | 8 | 7.50 | 75% | 0% | 0% |
Literature - World and Miscellaneous | 3 | 13.33 | 100% | 33% | 0% |
Other - Other Academic and General Knowledge | 3 | 13.33 | 100% | 33% | 0% |
RMP - Christian Practice | 1 | 0.00 | 0% | 0% | 0% |
RMP - Greco-Roman Mythology | 2 | 15.00 | 100% | 50% | 0% |
RMP - Islam | 3 | 10.00 | 100% | 0% | 0% |
RMP - New Testament | 2 | 10.00 | 100% | 0% | 0% |
RMP - Other Religion | 1 | 10.00 | 100% | 0% | 0% |
RMP - Philosophy | 5 | 8.00 | 60% | 20% | 0% |
RMP - World Mythology | 3 | 10.00 | 67% | 0% | 33% |
Science - Astronomy | 2 | 15.00 | 100% | 50% | 0% |
Science - Biology | 9 | 10.00 | 78% | 11% | 11% |
Science - Chemistry | 7 | 12.86 | 100% | 29% | 0% |
Science - Computer Science | 1 | 20.00 | 100% | 100% | 0% |
Science - Earth | 3 | 13.33 | 100% | 33% | 0% |
Science - Engineering and Miscellaneous | 1 | 10.00 | 100% | 0% | 0% |
Science - Math | 1 | 20.00 | 100% | 100% | 0% |
Science - Physics | 9 | 13.33 | 89% | 44% | 0% |
Social Science - Linguistics | 1 | 10.00 | 100% | 0% | 0% |
Social Science - Other | 2 | 25.00 | 100% | 50% | 100% |
Social Science - Psychology | 2 | 10.00 | 100% | 0% | 0% |
Social Science - Sociology | 1 | 0.00 | 0% | 0% | 0% |